• 首页
  • 本馆介绍
  • 公告通知
  • 最新文献
  • 馆藏检索
  • 电子资源
  • 读者导购
  • 参考咨询
  • 我的图书馆
  • 登录
  • 详细信息显示
  • 放入我的书架
  • 预约/预借图书
  • 作者相关作品
  • 分类相关作品
  • 丛书相关作品
  • 出版社相关作品

书目信息

  • 表格格式
  • 工作单格式
  • 卡片格式
题名:
宋代贷币与贷币流通研究
    
 
作者: 高聪明 著
分册:  
出版信息: 保定   河北大学出版社  2000
页数: 372页
开本: 20cm
丛书名: 宋史研究丛书
单 册:
中图分类: F822.9
科图分类:
主题词: 货币--经济史--研究--中国--宋代
电子资源:
ISBN: 7-81028-578-5
000 00702nam2 2200229 45
001 0204271540
005 20041201084808.1
010    @a7-81028-578-5@dCNY20.00
100    @a20020427d2000 km y0chiy0120 ea
101 0  @achi
105    @a z 000yy
200 1  @a宋代贷币与贷币流通研究@ASong Dai Dai Bi Yu Dai Bi Liu Tong Yan Jiu@f高聪明著@FGao Cong Ming Zhu
210    @a保定@c河北大学出版社@d2000
215    @a372页@d20cm
225    @a宋史研究丛书@h第二辑@f漆侠主编
410    @12001 @a宋史研究丛书
410    @1700 0@a漆侠@AQi Xia@4主编
606 0  @a货币@x经济史@x研究@y中国@z宋代
690    @aF822.9@v4
701  0 @a高聪明@4著
801    @aCN@bTSTC@c20020427
905    @b309257@dF822.9@e21@f1
    
    宋代贷币与贷币流通研究/高聪明著.-保定:河北大学出版社,2000
    372页;20cm.-(宋史研究丛书.第二辑/漆侠主编)
    
    
    ISBN 7-81028-578-5:CNY20.00
    
●
相关链接 在E读中查询图书 在五车中查询图书 在当当中查询图书 在豆瓣中查询图书


正题名:宋代贷币与贷币流通研究     索取号:F822.9/21         预约/预借

序号 登录号 条形码 馆藏地/架位号 状态 备注
1 0309257   203092571   第一样本阅览室/ [索取号:F822.9/21] 在馆    
2 0336448   203364484   第一借阅区/ [索取号:F822.9/21] 在馆    
3 0336449   203364493   第一借阅区/ [索取号:F822.9/21] 在馆    
4 0336450   203364509   第一借阅区/ [索取号:F822.9/21] 在馆    
唐山师范学院图书馆 欢迎您!
大连网信软件有限公司© 版权所有